000 00739nam a2200241Ia 4500
003 OSt
005 20220918194419.0
006 a|||||r|||| 00| 0
007 ta
008 220917b |||||||| |||| 00| 0 eng d
024 _a79,286
037 _cTextual
040 _aARTS
_cARTS
_beng
041 _2eng
_aeng
082 _aS:1p1:N70, l0
110 _aConference on Short Term changes in eneural activity and behaviour (cambridge)
_984771
245 0 _aProceedings ed by Gabriel Horn and Robert A Hinde
260 _c1970
650 _aPSYCHOLOGY
700 _aConference on Short Term changes in eneural activity and behaviour (cambridge)
_984772
942 _hS:1p1:N70, l0
_cTEXL
_2CC
999 _c203012
_d203012